<?xml version="1.0" encoding="UTF-8"?>
<record
    xmlns:xsi="http://www.w3.org/2001/XMLSchema-instance"
    xsi:schemaLocation="http://www.loc.gov/MARC21/slim http://www.loc.gov/standards/marcxml/schema/MARC21slim.xsd"
    xmlns="http://www.loc.gov/MARC21/slim">

  <leader>01590nam a22003257a 4500</leader>
  <datafield tag="999" ind1=" " ind2=" ">
    <subfield code="c">23440</subfield>
    <subfield code="d">23440</subfield>
  </datafield>
  <controlfield tag="003">AR-CdUCM</controlfield>
  <controlfield tag="008">260112b2022    pe ||||| |||| 00| 0 spa d</controlfield>
  <datafield tag="020" ind1=" " ind2=" ">
    <subfield code="a">978-612-48420-1-6</subfield>
  </datafield>
  <datafield tag="040" ind1=" " ind2=" ">
    <subfield code="a">MUNICIPALIDAD PROVINCIAL DEL CUSCO</subfield>
    <subfield code="c">BIBLIOTECA MUNICIPAL DEL CUSCO</subfield>
  </datafield>
  <datafield tag="082" ind1=" " ind2=" ">
    <subfield code="2">2da. edici&#xF3;n</subfield>
    <subfield code="a">985.061 / </subfield>
    <subfield code="b">C23</subfield>
  </datafield>
  <datafield tag="100" ind1=" " ind2=" ">
    <subfield code="a">Calero Flores, Jorge A.</subfield>
  </datafield>
  <datafield tag="110" ind1=" " ind2=" ">
    <subfield code="a">Municipalidad Distrital de San Sebasti&#xE1;n </subfield>
    <subfield code="9">5545</subfield>
  </datafield>
  <datafield tag="245" ind1=" " ind2=" ">
    <subfield code="a">La Casa del Patr&#xF3;n :</subfield>
    <subfield code="b">Documentos para la historia de la Iglesia de San Sebasti&#xE1;n /</subfield>
  </datafield>
  <datafield tag="260" ind1=" " ind2=" ">
    <subfield code="a">San Sebasti&#xE1;n - Cusco</subfield>
    <subfield code="b">Municipalidad Distrital de San Sebasti&#xE1;n.</subfield>
    <subfield code="c">2022</subfield>
  </datafield>
  <datafield tag="300" ind1=" " ind2=" ">
    <subfield code="a">263 p&#xE1;ginas. :</subfield>
    <subfield code="c">17 x 23cm.</subfield>
  </datafield>
  <datafield tag="500" ind1=" " ind2=" ">
    <subfield code="z">P&#xE1;ginas 262 - 263</subfield>
  </datafield>
  <datafield tag="505" ind1=" " ind2=" ">
    <subfield code="a">Cap&#xED;tulo I: Tiempos prehisp&#xE1;nicos -- II: La Batalla de las Salinas y la Capilla de los M&#xE1;rtires -- III: La creaci&#xF3;n de la Parroquia de San Sebasti&#xE1;n -- IV: El Virrey Francisco &#xC1;lvarez de Toledo -- V: Patr&#xF3;n jurado de la ciudad de Cuzco -- VI: Los caciques -- VII: Testamento del sacerdote L&#xE1;zaro de Balencia -- VIII: Marcos de madera y pintura de don Diego Quispe Tito -- IX: Robos sacr&#xED;legos a la iglesia del  Patr&#xF3;n.... </subfield>
  </datafield>
  <datafield tag="650" ind1=" " ind2=" ">
    <subfield code="a">Movimientos de tropas</subfield>
    <subfield code="9">51972</subfield>
  </datafield>
  <datafield tag="650" ind1=" " ind2=" ">
    <subfield code="a">Desplazamientos de ej&#xE9;rcitos</subfield>
    <subfield code="9">51973</subfield>
  </datafield>
  <datafield tag="650" ind1=" " ind2=" ">
    <subfield code="a">Visita de 1572</subfield>
    <subfield code="9">51974</subfield>
  </datafield>
  <datafield tag="650" ind1=" " ind2=" ">
    <subfield code="a">Ordenanza de 1578</subfield>
    <subfield code="9">51975</subfield>
  </datafield>
  <datafield tag="650" ind1=" " ind2=" ">
    <subfield code="a">La Provisi&#xF3;n</subfield>
    <subfield code="9">51976</subfield>
  </datafield>
  <datafield tag="650" ind1=" " ind2=" ">
    <subfield code="a">Fondo Documental</subfield>
    <subfield code="9">51967</subfield>
  </datafield>
  <datafield tag="650" ind1=" " ind2=" ">
    <subfield code="a">Carta an&#xF3;nima </subfield>
    <subfield code="9">51977</subfield>
  </datafield>
  <datafield tag="650" ind1=" " ind2=" ">
    <subfield code="a">Retablo mayor del templo</subfield>
    <subfield code="9">51978</subfield>
  </datafield>
  <datafield tag="856" ind1=" " ind2=" ">
    <subfield code="f">www.munisansebastian.gob.pe/</subfield>
  </datafield>
  <datafield tag="942" ind1=" " ind2=" ">
    <subfield code="2">ddc</subfield>
    <subfield code="c">LIBROS</subfield>
  </datafield>
  <datafield tag="945" ind1=" " ind2=" ">
    <subfield code="a">jmcs</subfield>
    <subfield code="d">31/12/2025</subfield>
  </datafield>
</record>
